000 00767nam a2200193Ii 4500
003 JO-AjNU
008 230605s9999||||xx |||||||||||||| ||und||
040 _aJO-AjNU
_bara
_erda
_cJO-AjNU
041 _aara
050 1 4 _aHN49.C6. K47 1999
100 3 _a خاطر، أحمد مصطفى,
_eauthor
_913760
245 0 0 _aتنمية المجتمعات المحلية : نموذج المشاركة في اطار ثقافة المجتمع
264 3 1 _aالاسكندرية: المكتب الجامعي الحديث، 1999
300 _a273ص
_bيحتوي على ببلوغرافية من 267-273ص
336 _atext
_btxt
_2rdacontent
337 _aunmediated
_bn
_2rdamedia
338 _avolume
_bnc
_2rdacarrier
650 4 _aالتنمية الاجتماعية 
_913761
999 _aA3509
_c7077
_d7077